| 000 | 00500nam a2200193 i 4500 | ||
|---|---|---|---|
| 001 | 4161847 | ||
| 005 | 20231123231909.0 | ||
| 008 | 790314s1978 enk b 001 0 eng | ||
| 020 |
_a0856642258 : _a0856647292 |
||
| 040 |
_aDLC _cDLC _dDLC |
||
| 082 | 0 | 0 |
_a301.41/2/094 _222 _bPAT. |
| 100 | 1 | _aBranca, Patricia. | |
| 245 | 1 | 0 |
_aWomen in Europe since 1750 / _cPatricia Branca. |
| 260 |
_aLondon : _bCroom Helm, _c1978. |
||
| 300 | _a233 p. ; | ||
| 500 | _aIncludes index. | ||
| 650 | 0 | _aWomen | |
| 942 | _cL | ||
| 999 |
_c67 _d67 |
||